000 01819nam0a2200409 4500
001 RU\NLR\bibl\1098622
005 20250615054548.0
010 _a978-5-9533-2150-1
_93000
021 _aRU
_b2007-30577
_91623
035 _a(nilc)EL/0000129369
035 _a(NLR Aleph) 001085727
090 _a1086762
_c1086762
100 _a20070613d2007 |||y0rusy50 ca
101 0 _arus
102 _aRU
105 _aa g |||||
200 1 _aМальдивы, Маврикий, Сейшелы
_eжемчужины Индийского океана
_f[Бурыгин С. М. и др.]
210 _aМосква
_cВече
_d2007
215 _a299, [3] с., [8] л. цв. ил.
_cил.
_d20
225 1 _aИсторический путеводитель
300 _aНа обл. авт.: С. М. Бурыгин, Н. И. Шейко, Н. Н. Непомнящий
320 _aБиблиогр.: с. 301
517 0 _aЖемчужины Индийского океана
607 _aМальдивские острова (Индийский океан)
_jПутеводители
_92215573
_3RU\NLR\auth\661330694
607 _aМаврикий, остров (Индийский океан)
_jПутеводители
_91591532
_3RU\NLR\auth\66699607
607 _aСейшельские острова (Индийский океан)
_jПутеводители
_92217317
_3RU\NLR\auth\661331640
686 _a26.890(93)
_vLBC/RL
_2rubbk
686 _aД890(57Ма)я23
686 _aД890(67М)я23
686 _aД890(65Се)я23
702 1 _aБурыгин
_bС. М.
_gСергей Михайлович
_4220
801 0 _aRU
_bВологодская ОУНБ
_c20070613
801 1 _aRU
_bВологодская ОУНБ
_c20070613
801 2 _aRU
_bNLR
_c20070615
_grcr
942 _cBOOK
980 _aNB